Entry Términos de género/forma
Number of records used in: 111
001 - NÚMERO DE CONTROL
- campo de control: 226786
003 - IDENTIFICADOR DE NÚMERO DE CONTROL
- campo de control: SpMaBN
005 - FECHA Y HORA DE LA ÚLTIMA TRANSACCIÓN
- campo de control: 20250825000209.0
008 - ELEMENTOS DE DATO DE LONGITUD-FIJA
- campo de control de longitud fija: 140324 n azznnaabn a ana
024 7# - IDENTIFICADOR DE OTROS ESTÁNDARES
- Número estándar o código: http://vocab.getty.edu/aat/300343403
- Fuente: aat
040 ## - FUENTE DE CATALOGACIÓN
- Centro catalogador/agencia de origen: SpMaBN
- Lengua de catalogación: spa
- Centro/agencia transcriptor: SpMaBN
- Normas de descripción: rdc
- Convención/Normas de encabezamiento de materia/tesauro: tgfbne
- Centro/agencia modificador: ES-MaACL
042 ## - CÓDIGO DE AUTENTICACIÓN
- Código de autenticación: NORM20140801
155 ## - ENCABEZAMIENTO--TÉRMINO DE GÉNERO/FORMA
- Término de género/forma: Libros infantiles
455 ## - TRAZADO DE VÉASE--TÉRMINO GÉNERO/FORMA
- Término de género/forma: Álbumes ilustrados
455 ## - TRAZADO DE VÉASE--TÉRMINO GÉNERO/FORMA
- Término de género/forma: Libros para niños
455 ## - TRAZADO DE VÉASE--TÉRMINO GÉNERO/FORMA
- Término de género/forma: Obras infantiles
555 ## - TRAZADO DE VÉASE ADEMÁS--TÉRMINO GÉNERO/FORMA
- Término de género/forma: Libros juveniles
670 ## - FUENTE DE DATOS ENCONTRADOS
- Cita de la fuente: AAT;
- Información encontrada: (Children's books)
670 ## - FUENTE DE DATOS ENCONTRADOS
- Cita de la fuente: Libros infantiles y juveniles editados en España 1999-2005 = Children's and young people's books published in Spain 1999-2005. Madrid, [2005];
- Información encontrada: port. (Libros infantiles y juveniles)
670 ## - FUENTE DE DATOS ENCONTRADOS
- Cita de la fuente: WWW Embe, 23-6-2023;
- Información encontrada: (Libros infantiles)
680 ## - NOTA GENERAL PÚBLICA
- Texto explicativo: Úsase para aquellos libros creados específicamente para el público infantil, pueden ser bien obras escritas sólo para esa audiencia u obras pensadas para público adulto adaptada al público infantil mediante el lenguaje empleado, el uso de ilustraciones, etc. Este encabezamiento designa principalmente la forma del libro, no su contenido, y puede aparecer junto con otros términos que hagan mención al género
- Encabezamiento o término de subdivisión: Novelas infantiles
- Encabezamiento o término de subdivisión: Poesías infantiles
